000 00496nam a2200181Ia 4500
008 090123s9999 xx 000 0 und d
082 _b16440
100 _aसैलामी
245 _aअब मेरी बारी
250 _a0
260 _bरुप पेपर बुक्स
300 _a208
600 _aसैलामी
630 _aअब मेरी बारी
700 _aसैलामी
730 _aअब मेरी बारी
942 _cBOOK
999 _c54504
_d54504